000 00885naa a22002897a 4500
001 BR9600786
003 BR-BrBNA
005 20240918181608.0
007 ta
008 230509b bl.||||| |||| 00| 0 por d
040 _aBR-BrBNA
_bpor
_cBiblioteca Nacional de Agricultura
041 _a(Pt)
072 _aL01; L02
_b5214
090 _aL01 BR9600786
100 1 _aFaria, V.P. de
245 1 _aManejo de touros
260 3 _aPiracicaba, SP (Brasil):
_c1983.
500 _aCurso de atualizacao em producao de leite Piracicaba, SP (Brasil): 1983. p. 51-57 (BR9600786-AM)L01
650 _aGado Leiteiro
650 _aTouro
650 _aRaca
650 _aNutricao Animal
650 _aManejo
773 0 _tCurso de atualizacao em producao de leite
_wL01 BR9600786
_gPiracicaba, SP (Brasil), 1983. p. 51-57
909 _a202404
_bLucia
_c55
_dLucia Elande
942 _cAM
_2AGRIS
999 _c326000
_d326000